[Event "Barcelona Sant Marti op-B 19th"]
[Site "Barcelona"]
[Date "2017.07.18"]
[Round "6"]
[White "Perez Garcia, Francisco Jose"]
[Black "Salazar Navas, Josep"]
[Result "0-1"]
[WhiteElo "1814"]
[BlackElo "1733"]
[PlyCount "34"]
[EventDate "2017.07.13"]
[EventType "swiss"]
[EventRounds "9"]
[EventCountry "ESP"]
[SourceTitle "EXT 2018"]
[Source "ChessBase"]
[SourceDate "2017.10.13"]
[SourceVersion "1"]
[SourceVersionDate "2017.10.13"]
[SourceQuality "1"]

1. d4 Nf6 2. c4 c5 3. Nf3 cxd4 4. Nxd4 e5 5. Nb5 d5 6. cxd5 Bc5 7. e3 0-0 8. Bc4 a6 9. N5c3 e4 10. Nd2 Qe7 11. Qc2 Bf5 12. a3 Rd8 13. b4 Bd6 14. f3 exf3 15. Qxf5 Qxe3+ 16. Ne2 fxe2 17. Ne4 Qxe4 0-1

[Event "Barcelona Sant Marti op-B 19th"]
[Site "Barcelona"]
[Date "2017.07.15"]
[Round "3"]
[White "Majumdar, Shankar"]
[Black "Perez Garcia, Francisco Jose"]
[Result "1-0"]
[WhiteElo "1934"]
[BlackElo "1814"]
[PlyCount "47"]
[EventDate "2017.07.13"]
[EventType "swiss"]
[EventRounds "9"]
[EventCountry "ESP"]
[SourceTitle "EXT 2018"]
[Source "ChessBase"]
[SourceDate "2017.10.13"]
[SourceVersion "1"]
[SourceVersionDate "2017.10.13"]
[SourceQuality "1"]

1. d4 Nf6 2. Nf3 e6 3. Bf4 c5 4. e3 Nc6 5. c3 Be7 6. Bd3 0-0 7. h3 b6 8. Nbd2 Bb7 9. 0-0 cxd4 10. exd4 Qc8 11. Re1 Ba6 12. Bc2 Qb7 13. Rc1 Nd5 14. Bg5 d6 15. c4 Ndb4 16. Bb1 Nxd4 17. Bxe7 Nxf3+ 18. Nxf3 Qxe7 19. Qa4 Bb7 20. Qxb4 Bxf3 21. gxf3 Qg5+ 22. Kf1 Qh4 23. Qc3 Qxh3+ 24. Ke2 1-0

[Event "Barcelona Sant Marti op-B 15th"]
[Site "Barcelona"]
[Date "2013.07.18"]
[Round "6"]
[White "Perez Garcia, Francisco Jose"]
[Black "Sogues Tena, Pilar"]
[Result "1-0"]
[WhiteElo "1840"]
[BlackElo "1455"]
[PlyCount "63"]
[EventDate "2013.07.13"]
[EventType "swiss"]
[EventRounds "9"]
[EventCountry "ESP"]
[SourceTitle "CBM 155 Extra"]
[Source "ChessBase"]
[SourceDate "2013.08.26"]
[SourceVersion "1"]
[SourceVersionDate "2013.08.26"]
[SourceQuality "1"]

1. e4 d6 2. d4 Nf6 3. Nc3 g6 4. Bg5 Bg7 5. Qd2 Nc6 6. 0-0-0 h5 7. d5 Ne5 8. f4 Ned7 9. Nf3 a6 10. e5 dxe5 11. fxe5 Ng8 12. e6 Bh6 13. exd7+ Bxd7 14. Bc4 b5 15. Bb3 Bg4 16. d6 cxd6 17. Qf4 Bxg5 18. Nxg5 Nf6 19. Nxf7 e5 20. Qg5 Qe7 21. Nxh8 0-0-0 22. Nxg6 Qg7 23. Rdf1 Nh7 24. Ne7+ Qxe7 25. Qxe7 Rd7 26. Qe8+ Rd8 27. Qc6+ Kb8 28. Rf7 Rd7 29. Rxd7 Bxd7 30. Qb6+ Kc8 31. Nd5 Ng5 32. Qc7# 1-0

[Event "Barcelona Sant Marti op-B 15th"]
[Site "Barcelona"]
[Date "2013.07.16"]
[Round "4"]
[White "Perez Garcia, Francisco Jose"]
[Black "Orts Gonzalez, Rafael"]
[Result "1-0"]
[WhiteElo "1840"]
[BlackElo "1269"]
[PlyCount "69"]
[EventDate "2013.07.13"]
[EventType "swiss"]
[EventRounds "9"]
[EventCountry "ESP"]
[SourceTitle "CBM 155 Extra"]
[Source "ChessBase"]
[SourceDate "2013.08.26"]
[SourceVersion "1"]
[SourceVersionDate "2013.08.26"]
[SourceQuality "1"]

1. e4 e5 2. Nf3 d6 3. d4 Nc6 4. Bc4 h6 5. dxe5 Bg4 6. Nc3 Bxf3 7. gxf3 Nxe5 8. Bb3 c6 9. Be3 Qf6 10. f4 Nd7 11. Qe2 Qh4 12. 0-0-0 g5 13. Bd4 Qxf4+ 14. Kb1 Rh7 15. Rhg1 h5 16. Be3 Qxh2 17. Bxg5 Qe5 18. f4 Qh8 19. Qd3 Nc5 20. Qc4 Nxb3 21. Qxb3 Be7 22. Qxb7 Rd8 23. Qxc6+ Kf8 24. e5 Bxg5 25. Rxg5 Ne7 26. Qc7 Rc8 27. Rxd6 Re8 28. Rd7 Ng6 29. Rxg6 Rg7 30. Qd6+ Kg8 31. Rd8 Rxd8 32. Qxd8+ Kh7 33. Rh6+ Kxh6 34. Qxh8+ Kg6 35. f5+ 1-0

[Event "Montseny op 3rd"]
[Site "Montseny"]
[Date "2012.04.21"]
[Round "2"]
[White "Perez Garcia, Francisco Jose"]
[Black "Vigo Allepuz, David"]
[Result "1-0"]
[WhiteElo "1793"]
[BlackElo "2058"]
[PlyCount "67"]
[EventDate "2012.04.14"]
[EventType "swiss"]
[EventRounds "8"]
[EventCountry "ESP"]
[SourceTitle "CBM 148 Extra"]
[Source "ChessBase"]
[SourceDate "2012.06.22"]
[SourceVersion "1"]
[SourceVersionDate "2012.06.22"]
[SourceQuality "1"]

1. c4 e6 2. g3 d5 3. Bg2 c6 4. d4 f5 5. Nc3 Nf6 6. Bf4 dxc4 7. e3 Nd5 8. a4 Bb4 9. Nge2 Nd7 10. 0-0 0-0 11. Na2 Be7 12. Qc2 b5 13. axb5 cxb5 14. Nac3 N7b6 15. Nxb5 Qd7 16. Nc7 Nxc7 17. Bxc7 Qxc7 18. Bxa8 Nxa8 19. Rfc1 Nb6 20. b3 Bb7 21. bxc4 Qc6 22. d5 exd5 23. Nd4 Qd7 24. Rxa7 dxc4 25. Nxf5 Bc5 26. e4 Bxe4 27. Rxd7 Bxc2 28. Rxg7+ Kh8 29. Rxc2 Rxf5 30. Rc7 Bd4 31. Rd2 Bf6 32. Rd6 Na4 33. Ra6 Bd8 34. Rc8 1-0